| 000 | 00483nam a22001697a 4500 | ||
|---|---|---|---|
| 003 | CEME | ||
| 005 | 20210628203528.0 | ||
| 008 | 210119b xxu||||| |||| 00| 0 eng d | ||
| 040 | _c. | ||
| 082 | _a297.63 UMA | ||
| 100 |
_aUmar Hyat, Khateeb _966049 |
||
| 245 | _aHuliya muhammad arabi peace be upon him,pagamee-e- hadayat | ||
| 260 |
_aLAHORE _bISLAMIC PUBLICATIONS _c2005 |
||
| 300 | _a206P | ||
| 650 |
_aISLAM-HULIYA MUHAMMAD ARABI PEACE BE UPON HIM _966050 |
||
| 942 |
_cBK _2ddc |
||
| 999 |
_c574091 _d574091 |
||